| 000 | 00987nam a2200241Ia 4500 | ||
|---|---|---|---|
| 001 | 18560 | ||
| 003 | GE_BSU | ||
| 008 | 181216s||||||||xx |||||||||||||| ||und|| | ||
| 020 | _a9667910644 | ||
| 040 | _cGE_BSU | ||
| 080 | _a340.12+27 | ||
| 100 | _aЛуцький Иван Михайлович | ||
| 245 | _aХристиянство як свитоглядне джерело украинськой держави и права | ||
| 245 | _bМонография | ||
| 245 | _cнаучный ред:Костицький,М,В | ||
| 260 | _aИвано-Франкивськ | ||
| 260 | _bМисто НВ, | ||
| 260 | _c2012 | ||
| 300 | _a468стр,26см | ||
| 653 | _aХристиянство як свитоглядне джерело украинськой держави и права | ||
| 653 | _aქრისტიანობა, როგორც წყარო:უკრაინის სახელმწიფო და სამართალი | ||
| 942 | _cBK | ||
| 999 |
_c51569 _d51569 |
||